| 000 | 01125naa a22002897a 4500 | ||
|---|---|---|---|
| 001 | BR7905887 | ||
| 003 | BR-BrBNA | ||
| 005 | 20250716090240.0 | ||
| 007 | ta | ||
| 008 | 250630b bl.|||m| |||| 00| 0 por d | ||
| 040 |
_aBR-BrBNA _bpor _cBiblioteca Nacional de Agricultura |
||
| 041 | _a(Pt) | ||
| 072 |
_aL60 _b6700 _b6000 _bG514 |
||
| 090 | _aL60 BR7905887 | ||
| 100 | 1 | _aVoss, W.A. | |
| 245 | 1 | _aAves de Porto Alegre, RS. 1: Aves observadas na area central da cidade [Taxonomia animal; Ave ornamental; Ave domestica; Gallus domesticus; Rio Grande do Sul; Brasil] | |
| 500 | _aNotas sobre aves do Rio Grande do Sul Sao Leopoldo, RS (Brasil): 1979. p. 1-7 [11 ref.] (BR7905887-AMS) | ||
| 773 | 0 |
_tNotas sobre aves do Rio Grande do Sul _wL60 BR7905887 _gSao Leopoldo, RS (Brasil), 1979. p. 1-7 |
|
| 650 | _aTaxonomia animal | ||
| 650 | _aAve ornamental | ||
| 650 | _aAve domestica | ||
| 650 | _aPorto Alegre | ||
| 650 | _aRio Grande do Sul | ||
| 490 |
_aPesquisas. Zoologia - Instituto Anchietano de Pesquisas (Brazil) _vno. 31 _xISSN 0373-8418 |
||
| 942 |
_cAMS _2AGRIS |
||
| 909 |
_a202506 _bLúcia _c55 _dLúcia Elande |
||
| 999 |
_c333451 _d333451 |
||